Mutualidad y empresas cooperativas /

Detalles Bibliográficos
Autor principal: Llobregat Hurtado, Mara̕ Luisa
Formato: Libro
Lenguaje:español
Publicado: Barcelona Bosch, 1990.
Materias:
Acceso en línea:Acceso restringido

MARC

LEADER 00000nam a2200000 i 4500
005 20110727144528.0
008 A10218s1990 sp || 000 0 spa d
020 |a 84-7698-143-0 
035 |a 1191 
040 |a BUS  |d vLex 
080 |a 334.1 <460> 
090 |c 2236  |d 2236 
100 1 |a Llobregat Hurtado, Mara̕ Luisa. 
245 1 0 |a Mutualidad y empresas cooperativas /  |c Ma Luisa Llobregat Hurtado.  |h [Recurso electrn̤ico] 
256 |a Servicio en ln̕ea 
260 |a Barcelona  |b Bosch,  |c 1990. 
300 |a 464 p. ; 24 cm. 
506 1 |a Contenido solo disponible en los productos indicados  |d vLex Global  |d vLex Global (Academic Edition, excluding Law Schools)  |d vLex Global (U.S. Academic Edition, Law Schools)  |d vLex Global (U.S. Academic Edition, excluding Law Schools)  |d vLex Global (Academic Edition, Law Schools) 
650 0 7 |a Civil  |2 Tesauro vLex 
650 0 7 |a Asociacin̤  |2 Tesauro vLex 
650 0 7 |2 Tesauro vLex  |a Cooperativas 
650 0 7 |2 Tesauro vLex  |a Derecho de sociedades 
650 0 7 |2 Tesauro vLex  |a Cooperativas 
650 0 7 |2 Tesauro vLex  |a Sociedades cooperativas 
740 0 |a vLex Libros (Servicio en ln̕ea) 
856 4 0 |u http://vlex.com/source/mutualidad-empresas-cooperativas-1191  |z Acceso restringido 
942 |c BOOK